Statistics for Words Ending with the "us" sound

Click here to take the quiz!

General Stats

  • This quiz has been taken 21 times
  • The average score is 4 of 9

Answer Stats

HintWord% Correct
Antonym for minusPlus
88%
Long metal vehicleBus
75%
Leafy vegetableLettuce
75%
To say an obscenityCuss
69%
To ruffle or untidy someone's
hair or clothes
Muss
38%
An important matterSerious
19%
Equipment or something required
to make a machine function
Apparatus
13%
Please don't make me include
this in the quiz
Sus
13%
A kind of scaffold or rafterTruss
6%

Score Distribution

Percentile by Number Answered

Percent of People with Each Score

Your Score History

You have not taken this quiz